Türkiye'ye yönelik Türkmen göçü ve Türkiye'deki varlığı (Record no. 4125)

MARC details
000 -BAŞLIK
Sabit Uzunlukta Kontrol Alanı 00810na a2200205 4500
001 - KONTROL NUMARASI
Denetim Alanı 17155
003 - KONTROL NUMARASI IDENTIFIER
Denetim Alanı MIRAKIL
005 - SON İŞLEM TARİHİ VE ZAMANI
Denetim Alanı 20181213154954.0
008 - SABİT-BOY VERİ ELEMANLARI - GENEL BİLGİLER
Sabit Uzunlukta Kontrol Alanı 161023b tu 000 0
040 ## - KATALOGLAMA KAYNAK
Orijinal Kataloglama Ajansı Milas
Kataloglama Dili tur
Metne Dönüştürmek Ajansı TR-AnCHP
041 ## - DİL KODU
Metin / Ses Parça Veya Ayrı Başlığın Dil Kodu tur
-- eng
-- ara
082 ## - DEWEY ONLU SINIFLANDIRMA NUMARASI
Sınıflandırma Numarası 304.8
Ürün Numarası T96 2010
090 ## - SINIFLAMA NUMARASI
Sınıflama Numarası 304.8 T96 2010
245 ## - BAŞLIK TABLOSU
Başlık Türkiye'ye yönelik Türkmen göçü ve Türkiye'deki varlığı
Başlığın Kalan Turkmens' migration towards Turkey and Turkmen population in Turkey = Hicret'ül-Türkemen nahve Türkiya ve'l-vucud'ül-Türkemani fi Türkiya
Sorumluluk Tablosu, Vb ORSAM
260 ## - YAYIN, DAĞITIM, VB
Yayın, Dağıtım, Vb Yeri Ankara
Yayıncı, Dağıtıcı, Vs Adı Ortadoğu Stratejik Araştırmalar Merkezi (ORSAM)
Yayın, Dağıtım, Vb Tarihi 2010
300 ## - FİZİKSEL TANIM
Kapsam 38 s.
Diğer Fiziksel Ayrıntıları hrt. ; tbl.
Boyutlar 30 sm.
490 ## - SERİSİ TABLOSU
Seri Beyanı Ortadoğu stratejik araştırmalar merkezi
Hacim / Ardışık Tanımı rapor no: 19
650 ## - KONU KATMA GİRİŞ - TOPİKAL DÖNEM
Topikal Süreli Veya Coğrafi Ad Giriş Elemanı Dış Göç
Genel Alt Bölümü Türkmenler
Kronolojik Alt Bölümü Raporlar
942 ## - EKLENDİ GİRİŞ ELEMANLARI (KOHA)
Sınıflandırma Veya Raf Düzeni Kaynak
Koha Öğesi Türü Books
999 ## - SİSTEM KONTROL NUMARALARI (KOHA)
Koha Biblionumber 4125
Koha Biblioitemnumber 4125
Holdings
Kalıcı Konum Mevcut Konum Edinme Tarihi Edinim Kaynak Toplam Check-Out'Lar Tam Çağrı Numarası Barkod Tarih Son Görülme İtibaren Geçerli Fiyatlar Koha Öğesi Türü
CHP Kütüphanesi CHP Kütüphanesi 10/22/2016 Bağış   304.8 T96 2010 007556 10/22/2016 10/22/2016 Books